000
00305nam a2200109Ia 4500
008
211028s2011 xx 000 0 und d
041
_a
eng
100
_a
Vikhyath, P; Aravind.
_g
91937
_9
8324
110
_a
Aravind
_9
8325
245
_a
Enterprise planning for vanity fair corp ltd.
260
_a
Mangalore
_c
2011
999
_c
219831
_d
219831